000 00923nam a2200217Ii 4500
003 JO-AjNU
008 230605s9999||||xx |||||||||||||| ||und||
017 _a2012/10/3844
040 _aJO-AjNU
_bara
_erda
_cJO-AjNU
041 _aara
050 1 4 _aDS36.88.A425 2011
100 3 _a نافعة ، حسن ... وآخرون ؛ مراجعة وتقديم دراج، فيصل ,
_eauthor
_948400
245 0 0 _aالعالم العربي ومعضلاته والإصلاح المنشود
250 _a(د،ط)
264 3 1 _aعمان : وزارة الثقافة ، 2012
300 _a285ص
336 _atext
_btxt
_2rdacontent
337 _aunmediated
_bn
_2rdamedia
338 _avolume
_bnc
_2rdacarrier
650 4 _aالاصلاحات السياسية -- البلاد العربية -- احوال اجتماعية -- مقالات ومحاضرات -- البلاد العربية -- التغير الاجتماعي
_948401
999 _aA21193
_c24761
_d24761